| 000 | 01091cam a2200253 4500 | ||
|---|---|---|---|
| 008 | 090401t1997 xxu||||| |||| 00| 0 eng d | ||
| 020 | _a0110647386 | ||
| 035 | _a(Sirsi) u80205 | ||
| 041 | _aeng | ||
| 245 | 4 | _aThe Fire Precautions (Workplace) Regulations 1997 | |
| 260 |
_aLondon _bStationery Office _c1997 |
||
| 350 | _a3.20 | ||
| 490 |
_aSI _v1997: 1840 |
||
| 520 | _aMade 28 July 1997. Coming into force 1 December 1997. Amend The Management of Health and Safety at Work Regulations 1992 and The Safety Representatives and Safety Committees Regulations 1977. View at www.legislation.hmso.gov.uk/. | ||
| 650 | _aFIRE PRECAUTIONS ACT 1971 | ||
| 650 | _aFIRE PRECAUTIONS (WORKPLACE) REGULATIONS 1997 | ||
| 650 | _aFIRE PRECAUTIONS | ||
| 650 | _aMANAGEMENT OF HEALTH AND SAFETY AT WORK REGULATIONS 1992 | ||
| 650 | _aSAFETY REPRESENTATIVES AND SAFETY COMMITTEES REGULATIONS 1977 | ||
| 690 |
_aHealth and safety _96244 |
||
| 856 |
_uhttps://www.legislation.hmso.gov.uk/si/si1997/97184001.htm _zView the legislation on the HMSO website... |
||
| 942 | _n0 | ||
| 948 | _c11/08/1997 | ||
| 999 |
_c96608 _d96608 |
||